Banková únia a SIFI diplomová práca

Enregistré dans:
Détails bibliographiques
Auteur principal: Pečálka, Ľuboš
Collectivité auteur: Národohospodárska fakulta EU. Katedra bankovníctva a medzinárodných financií
Autres auteurs: Horvátová, Eva, 1958-
Format: Livre
Langue:slovaque
Publié: Bratislava 2018
Tags: Ajouter un tag
Pas de tags, Soyez le premier à ajouter un tag!

MARC

LEADER 00000nbm a2200000 4500
001 0244294
005 20181126132826.6
041 0 |a slo 
044 |a SK 
245 1 0 |a Banková únia a SIFI  |b diplomová práca  |c Ľuboš Pečálka ; školiteľ: Eva Horvátová 
264 1 |a Bratislava  |c 2018 
300 |a 65 s. 
100 1 |a Pečálka, Ľuboš 
700 1 |a Horvátová, Eva, 1958- 
710 2 |a Národohospodárska fakulta EU. Katedra bankovníctva a medzinárodných financií